|
|
|
|
| LEADER |
00000nam a2200000 a 4500 |
| 001 |
vtls001417220 |
| 003 |
SK-MaSNL |
| 005 |
20260301202350.0 |
| 008 |
240315s1999 xo a r slo |
| 015 |
|
|
|a SNBA2001/10-03592
|
| 020 |
|
|
|a 808567968X
|
| 035 |
|
|
|a SNK000371999
|
| 035 |
|
|
|a urn:nbn:sk:snk-amyakw
|
| 035 |
|
|
|a urn:nbn:sk:snk-am00c767
|
| 035 |
|
|
|a 5F43D22F-F0F7-497B-A0F8-C589FE38B03B
|
| 040 |
|
|
|a SNK
|b slo
|c SNK
|e AACR2
|
| 041 |
0 |
|
|a slo
|
| 044 |
|
|
|a xo
|c SK
|
| 080 |
|
|
|a 372.880.854(075.2)
|2 1981
|
| 100 |
1 |
|
|a Skabelová, Ružena
|4 aut
|9 12386
|
| 245 |
1 |
|
|a Slovenský jazyk pre 2. ročník základnej školy s vyučovacím jazykom maďarským
|c Ružena Skabelová, Irena Bónová ; ilustrovala Ilona Németh
|
| 260 |
|
|
|a Bratislava
|b Terra
|c c1999
|
| 300 |
|
|
|a 88 s.
|b fareb. ilustr.
|c 28 cm
|
| 500 |
|
|
|a Rozlož. ilustr. na tit. strane
|
| 650 |
0 |
7 |
|a slovenčina
|2 SNK
|9 1350
|
| 655 |
|
7 |
|a učebnice
|2 SNK
|9 22521
|
| 700 |
1 |
|
|a Bónová, Irena
|4 aut
|9 302180
|
| 700 |
1 |
|
|a Németh, Ilona,
|d 1963-
|4 ill
|9 101799
|
| 919 |
|
|
|a 80-85679-68-X
|
| 958 |
|
|
|a TL
|
| 958 |
|
|
|a UX
|
| 999 |
|
|
|c 898564
|d 900494
|
| 952 |
|
|
|t P60, <09>, [BOOK], {629}
|a SNK
|b SNK
|y NEVYP
|7 0
|o snkB 175
|i snk681/20010724
|0 0
|1 0
|4 0
|d 2001-07-23
|l 0
|r 2005-01-02 00:00:00
|w 2026-02-24
|
| 952 |
|
|
|t P60, <03>, [BOOK], {603}
|a SNK
|b SNK
|y PREZ
|7 0
|p 17A0308195
|o snkSB 63678
|i snkKSP 8504/2001
|0 0
|1 0
|4 0
|d 2001-07-23
|f 1
|l 0
|r 2025-04-15 00:00:00
|w 2026-02-24
|
| 952 |
|
|
|t P60, <04>, [BOOK], {604}
|a SNK
|b SNK
|y VYP
|7 0
|p 17A0308196
|o snkSB 63678 D1
|i snkKSP 8505/2001
|0 0
|1 0
|4 0
|d 2001-07-23
|l 0
|r 2005-01-02 00:00:00
|w 2026-02-24
|